000 00491nam a2200157 a 4500
001 000028523
005 20200930055006.0
008 110408s1981 dr 000 0 spa d
040 _aDO-SdBNP
_bspa
_cBNPHU
082 _axxx
_bS232e, 1981
100 1 _aSantana, Julio César
_936086
245 1 0 _aÉtica administrativa :
_bensayo /
_cJulio César Santana.
250 _a3a ed. rev.
260 _aSan Pedro de Macoris, República Dominicana :
_bImpreta Olga,
_c1981.
300 _a24 p. ;
_c22 cm.
999 _c28015
_d28015